| 000 | 00831nam a22002417a 4500 | ||
|---|---|---|---|
| 001 | 3768 | ||
| 003 | FISKH | ||
| 005 | 20240506112822.0 | ||
| 008 | 240506b cb ||||| |||| 00| 0 eng d | ||
| 040 |
_aFISK _beng _cFISK _dFISK |
||
| 050 | _aPZ7.L87734 | ||
| 082 | _a813.62 | ||
| 100 |
_aCynthia Lord _d1935- |
||
| 245 |
_aTouch blue / _cCynthia Lord |
||
| 260 |
_aNew York : _bScholastic, _c2012 |
||
| 300 |
_a186 pages : _c20 cm |
||
| 505 | _aM | ||
| 520 | _aWhen the state of Maine threatens to shut down their island's one-room schoolhouse because of dwindling enrollment, eleven-year-old Tess, a strong believer in luck, and her family take in a trumpet-playing foster child, to increase the school's population. | ||
| 521 | 8 |
_a750 _bLexiles, |
|
| 700 | _aCynthia Lord | ||
| 942 |
_2lcc _cBK _n0 |
||
| 999 |
_c3768 _d3768 |
||